Countries Exporting the Most Pharmaceutical Products - Statistics

General Stats
  • This quiz has been taken 108 times
  • The average score is 13 of 15
Answer Stats
Rank Country Exports (US$) % % Correct
4 France $24.4 Billion 7.4%
99%
1 Germany $52.7 Billion 16.0%
99%
6 United States of America $20.1 Billion 6.1%
99%
5 United Kingdom $20.4 Billion 6.2%
98%
15 Canada $5.1 Billion 1.6%
92%
12 Spain $7.7 Billion 2.3%
92%
2 Switzerland $41 Billion 12.5%
92%
3 Belgium $26.5 Billion 8.1%
91%
7 Italy $18.3 Billion 5.6%
91%
13 Sweden $6.2 Billion 1.9%
90%
8 Netherlands $17.6 Billion 5.4%
89%
14 Austria $5.3 Billion 1.6%
84%
10 Denmark $11.3 Billion 3.4%
75%
11 India $8.7 Billion 2.6%
75%
9 Ireland $17.2 Billion 5.2%
75%
No matching quizzes found
Score Distribution
Percent of People with Each Score
Percentile by Number Answered
Your Score History
You have not taken this quiz